Prvá súkromná
| Médium: | Článok |
|---|---|
| Jazyk: | Slovak |
| Témy: | |
| Zdroj: |
1. Lúč 1. Roč. 2, č. 277 (27.11.1993), s. 3 |
| LEADER | 00686nab#a2200289#ar4500 | ||
|---|---|---|---|
| 001 | 000090239 | ||
| 003 | SVKKK | ||
| 005 | 20080627114116.0 | ||
| 008 | 060831c1993 xo e slo | ||
| FMT | |||
| 015 | |a SNBBR2008/06 | ||
| 038 | |a SVKKK | ||
| 040 | |a SVKKK |b slo |e AACR2 | ||
| 041 | 0 | |a slo | |
| 044 | |a xo |c SK | ||
| 080 | |a 614.253.2 |2 1997 | ||
| 245 | 1 | 0 | |a Prvá súkromná |c [autor] (pbý) |
| 300 | |b Fotogr. | ||
| 610 | 2 | 4 | |a Nemocnica s poliklinikou (Košice-Šaca, Slovensko) |x súkromná nemocnica |
| 773 | 0 | |t Lúč |g Roč. 2, č. 277 (27.11.1993), s. 3 | |
| 957 | |a 802 | ||
| 958 | |a RK | ||
| 974 | |a Fav | ||
| 992 | |a RBX | ||
| BAS | |||
| 852 | |a SVKKK |b BIB | ||
| 998 | |a REG | ||